000 00283nam a22001337a 4500
008 170811b xxu||||| |||| 00| 0 eng d
020 _a9780133720129
041 _aeng
080 _27TH
_a51
100 _a36
101 _aMAT
245 _aCALCULUS
_cBARNETT,R.A
942 _2udc
_cBK
999 _c23251
_d23251